近15年平均世界排名最高的30支男排国家队 - Statistics

General Stats
  • This quiz has been taken 10 times
  • The average score is 26 of 30
Answer Stats
大洲 男排国家队 平均排名 % Correct
1 南美洲 巴西 2.00
100%
2 欧洲 波兰 2.53
100%
4 欧洲 意大利 3.60
100%
6 南美洲 阿根廷 7.07
100%
10 北美洲 加拿大 11.33
100%
11 亚洲 日本 11.87
100%
12 北美洲 古巴 12.20
100%
14 欧洲 德国 13.73
100%
15 非洲 埃及 16.33
100%
18 亚洲 中国 21.20
100%
19 欧洲 荷兰 21.67
100%
20 大洋洲 澳大利亚 21.67
100%
21 欧洲 比利时 22.07
100%
23 北美洲 墨西哥 23.73
100%
3 欧洲 俄罗斯 3.50
89%
5 北美洲 美国 3.87
89%
7 欧洲 法国 8.93
89%
8 欧洲 塞尔维亚 9.80
89%
9 亚洲 伊朗 10.80
89%
13 欧洲 保加利亚 13.53
89%
17 欧洲 斯洛文尼亚 20.60
89%
24 亚洲 韩国 24.33
89%
26 欧洲 捷克 25.33
89%
28 亚洲 土耳其 28.07
89%
22 欧洲 芬兰 22.87
78%
29 欧洲 葡萄牙 30.33
78%
30 南美洲 智利 31.80
78%
16 非洲 突尼斯 20.27
44%
25 北美洲 波多黎各 25.27
44%
27 非洲 喀麦隆 26.27
33%
No matching quizzes found
Score Distribution
Percent of People with Each Score
Percentile by Number Answered
Your Score History
You have not taken this quiz